| 000 | 00000nam##2200000za#4500 |
| 001 | 9.608179 |
| 003 | CaOODSP |
| 005 | 20210624213509 |
| 007 | cr ||||||||||| |
| 008 | 150406|2014||||xxc|||||o f|0| 0 fre|d |
| 022 | |a1919-5117 |
| 040 | |aCaOODSP|bfre |
| 043 | |an-cn--- |
| 086 | 1 |aFs70-6/2014-042F-PDF |
| 110 | 1 |aCanada. |bMinistère des pêches et des océans. |
| 245 | 10|aÉvaluation du stock de goberge dans la sous-division 3Ps |h[ressource électronique] |
| 260 | |aSt. John's - Terre-Neuve et Labrador : |bPêches et Océans Canada |cNovembre 2014. |
| 300 | |a7p.|bfigures |
| 490 | 1 |aSecrétariat canadien de consultation scientifique, avis scientifique |x1919-5117|v2014/042, Région de Terre-Neuve-et-Labrador |
| 590 | |a15-01|b2015-01-02 |
| 775 | 08|tStock assessment on subdivision 3Ps Pollock |w(CaOODSP)9.581372 |
| 830 | #0|aAvis scientifique (Secrétariat canadien de consultation scientifique)|x1919-5117|v2014/042, Région de Terre-Neuve-et-Labrador|w(CaOODSP)9.502624 |
| 856 | 40|ahttp://publications.gc.ca|qPDF|s245 Ko|uhttps://publications.gc.ca/collections/collection_2014/mpo-dfo/Fs70-6-2014-042-fra.pdf|y2014/042, Région de Terre-Neuve-et-Labrador |